000
00275nam a2200121Ia 4500
008
240624s9999 xx 000 0 und d
041
_a
eng
082
_a
828 THA
100
_a
THAPAR KARAN
245
_a
SUNDAY SENTIMENTS
260
_c
2008
_a
New Delhi
_b
Wisdom
365
_c
RS
999
_c
31328
_d
31328